000 00354nam a2200133Ia 4500
008 240624s9999 xx 000 0 und d
041 _aeng
082 _a005.58 ALT
100 _aALTMAN REBECCA BRIDGES
245 _aPOWER POINT 2000 98 FOR WINDOWS AND MACI
260 _c1999
_aBerkeley
_bPeachpit Press
300 _axiii, : 319 : cm. ; 23
365 _cRS
999 _c1759
_d1759